| 000 | 00500nam a2200133 a 4500 | ||
|---|---|---|---|
| 001 | 000037781 | ||
| 005 | 20201002031119.0 | ||
| 008 | 130306s19uu dr a 000 0 spa d | ||
| 040 |
_aDO-SdBNP _bspa _cBNPHU |
||
| 110 | 1 |
_aCentro de Información Cientifica y Tecnológica _964239 |
|
| 245 | 1 | 0 |
_aManual para el cultivo de peces ornamentales : _bdivisión de recursos bioacuaticos. |
| 260 |
_aSanto Domingo : _bCentro de Información Cientifica y Tecnológica, _c[19-?]. |
||
| 300 |
_a27 p. : _bils. ; _c22 cm. |
||
| 999 |
_c37271 _d37271 |
||